| 000 | 00353nam a2200145Ia 4500 | ||
|---|---|---|---|
| 100 | _aTheraja/B.L./ Theraja/A.K. | ||
| 942 | _cBK | ||
| 654 | _aEngineering | ||
| 245 | _aA Text Book Of Electrical Technology | ||
| 260 |
_bNirja construction and devpt _aNew Delhi _c1993 |
||
| 082 |
_a621.3THE _bTHE |
||
| 300 | _a592 | ||
| 546 | _aENGLISH | ||
| 999 |
_c24728 _d24728 |
||